| 000 | 01965cam a22005174i 4500 | ||
|---|---|---|---|
| 003 | PE-LiUPU | ||
| 005 | 20250731180137.0 | ||
| 008 | 150616s r 000 0 d | ||
| 020 | _a8429143033 | ||
| 035 | _a(Sirsi) i9788429143034 | ||
| 040 |
_aPE-LiUPU _bspa _cPE-LiUPU _erda |
||
| 049 | _aPRUA | ||
| 082 | 0 | 4 |
_a531.3 _bG44 _221 |
| 100 | 1 |
_aGiancoli, Douglas C., _eautor. |
|
| 245 | 1 | 0 | _aFísica: principios y aplicaciones. |
| 264 | 1 |
_aBarcelona : _bReverté, _c1985. |
|
| 300 |
_a443 páginas : _bilustraciones ; _c25 centímetros |
||
| 336 |
_atext _2rdacontent |
||
| 337 |
_aunmediated _2rdamedia |
||
| 338 |
_avolume _2rdacarrier |
||
| 505 | 0 | _aDescripción del movimiento: cinemática -- Movimiento y fuerza: dinámica -- Movimiento circular y movimiento de rotación -- Cuerpos en equilibrio -- Cantidad de movimiento y energía -- Fluidos -- Temperatura y teoría cinética -- Aplicaciones de la teoría cinética -- Calor -- Primero y segundo principios de la termodinámica -- Vibraciones y ondas -- Sonido -- Carga eléctrica y campo eléctrico -- Potencial eléctrico y energía eléctrica -- Corriente eléctrica. | |
| 526 | _aSEG44 | ||
| 526 | _aSEG26 | ||
| 526 | _aP159 | ||
| 526 | _aP155 | ||
| 526 | _aP154 | ||
| 526 | _aP153 | ||
| 526 | _aP150 | ||
| 526 | _aP100 | ||
| 526 | _aP31 | ||
| 526 | _aP30 | ||
| 526 | _aP26 | ||
| 526 | _aP25 | ||
| 526 | _aP24 | ||
| 526 | _aP22 | ||
| 526 | _aP15 | ||
| 526 | _aP10 | ||
| 650 | 0 | 4 | _aFISICA. |
| 910 |
_ajck _bjvq _cjck |
||
| 942 |
_2ddc _cBOOK |
||
| 949 |
_a531.3 G44 _wDEWEY _c1 _i31355 _lCCODEBUL1 _mBUL _r0 _sY _tBOOK _u2015-6-16 _xEDUCACION _PP20 _0COMPRA _o.STAFF. Colección General |
||
| 994 |
_aC0 _bPEPRU |
||
| 596 | _a1 | ||
| 999 |
_a531.3 G44 _wDEWEY _c48594 _i31355 _d48594 _f2021-11-5 _g5 _lCCODEBUL1 _mBUL _q1 _r0 _sN _tBOOK _u2015-6-16 _xBIBLIOTECA _PP20 _0COMPRA _o.STAFF. Colección General |
||
| 980 |
_81 _gALBERTO SANCHEZ Responsable de Automatización |
||